=LDR 00000nam 2200000 4500 =001 INLIS000000000022033 =005 20130612120830 =008 ***********************************Ind** =035 ##$$a0010-061300000022033 =041 ##$$a Ind =082 ##$$a 618.9 =090 ##$$a 618.9, Yat t =100 ##$$a YATIM, Faisal =245 ##$$a 30 gangguan kesehatan pada anak usia sekolah, Dr. Faisal Yatim, DTM =260 ##$$a 2005 $b Jakarta =300 ##$$a x, 165 hlm., ilus., 21 cm =650 ##$$a Kesehatan anak =850 ##$$a NBPNMAT =990 ##$$a 0001/BPAP-NTB/20142014